Historia de la Santa y Apostólica Provincia de Santiago de Predicadores de México en la Nueva España (Record no. 7955)

MARC details
000 -CABECERA
campo de control de longitud fija 00879nam a2200241 a 4500
001 - NÚMERO DE CONTROL
campo de control BRCA_8287
005 - FECHA Y HORA DE LA ÚLTIMA TRANSACCIÓN
campo de control 20190320210219.0
008 - DATOS DE LONGITUD FIJA--INFORMACIÓN GENERAL
campo de control de longitud fija 120614s1949----mx-####g##---#000-0#spa-#
041 ## - CÓDIGO DE LENGUA
Código de lengua del texto/banda sonora o título independiente spa
044 ## - CÓDIGO DEL PAÍS DE LA ENTIDAD EDITORA/PRODUCTORA
Código MARC del país mx
050 #4 - SIGNATURA TOPOGRÁFICA DE LA BIBLIOTECA DEL CONGRESO
Número de clasificación BX3550.S2
Número de documento/Ítem .C78 1949
100 1# - ENTRADA PRINCIPAL--NOMBRE DE PERSONA
Nombre de persona Cruz y Moya, Juan José de la
Títulos y otros términos asociados al nombre Fray
Fechas asociadas al nombre 1706-1760?
9 (RLIN) 20698
245 10 - MENCIÓN DE TÍTULO
Título Historia de la Santa y Apostólica Provincia de Santiago de Predicadores de México en la Nueva España
Resto del título tomo I
Mención de responsabilidad, etc. por Fray Juan José de la Cruz y Moya ; introducción e índices de Gabriel Saldívar.
260 ## - PUBLICACIÓN, DISTRIBUCIÓN, ETC.
Lugar de publicación, distribución, etc. México
Nombre del editor, distribuidor, etc. Librería de Manuel Porrúa
Fecha de publicación, distribución, etc. 1949
300 ## - DESCRIPCIÓN FÍSICA
Extensión 291 p.
Dimensiones 24 cm.
440 #0 - MENCIÓN DE SERIE/PUNTO DE ACCESO ADICIONAL--TÍTULO
Título Documentos Mexicanos
Número de parte o sección de la obra 3
9 (RLIN) 20699
500 ## - NOTA GENERAL
Nota general S78
650 14 - PUNTO DE ACCESO ADICIONAL DE MATERIA--TÉRMINO DE MATERIA
Término de materia o nombre geográfico como elemento de entrada Orden religiosa de los Dominicos
Subdivisión geográfica México
9 (RLIN) 20700
651 #4 - PUNTO DE ACCESO ADICIONAL DE MATERIA--NOMBRE GEOGRÁFICO
Nombre geográfico Nueva España
Subdivisión general Historia
9 (RLIN) 3639
700 1# - PUNTO DE ACCESO ADICIONAL--NOMBRE DE PERSONA
Nombre de persona Saldívar, Gabriel
Término indicativo de función/relación intr.
9 (RLIN) 6327
902 ## - CATALOGADOR
Iniciales GFM
942 ## - ELEMENTOS DE PUNTO DE ACCESO ADICIONAL (KOHA)
Fuente del sistema de clasificación o colocación Library of Congress Classification
Tipo de ítem Koha Libros
Holdings
Estado de retiro Estado de pérdida Estado dañado No para préstamo Localización permanente Ubicación/localización actual Fecha de adquisición Número de inventario Total de préstamos Signatura topográfica completa Código de barras Fecha visto por última vez Precio válido a partir de Tipo de ítem Koha
El ejemplar forma parte de la colección y puede ser consultado según las políticas vigentes.       Biblioteca del Museo Franz Mayer (Rogerio Casas-Alatriste) Biblioteca del Museo Franz Mayer (Rogerio Casas-Alatriste) 12/06/2014 S78   BX3550.S2 .C78 1949 (S78) 8911 22/03/2019 22/03/2019 Libros